Пять кейсов для бизнес-тренера: методический материал для бизнес-тренера

Xehetasun bibliografikoak
Egile nagusia: Зинкевич-Евстигнеева Т. Д. Татьяна Дмитриевна
Gaia:Книга состоит из пяти кейсов, посвященных разным темам. На основе каждого из кейсов можно провести тематический тренинг; можно использовать все кейсы в длительном тренинговом курсе, посвященном формированию системных управленческих навыков. Все задания объединяет общая метафора: участники курса погружаются в атмосферу легендарного Камелота, становятся кандидатами в Рыцари Круглого Стола. Для каждого из кейсов разработаны папка участника и тест для оценки знаний, полученных в ходе тренинга.
Hizkuntza:errusiera
Argitaratua: СПб., Речь, 2006
Gaiak:
Formatua: Liburua
KOHA link:https://koha.lib.tpu.ru/cgi-bin/koha/opac-detail.pl?biblionumber=114198

MARC

LEADER 00000nam0a2200000 4500
001 114198
005 20231031122155.0
010 |a 5926805031 
035 |a (RuTPU)RU\TPU\book\123500 
090 |a 114198 
100 |a 20070420d2006 m y0rusy50 ca 
101 0 |a rus 
102 |a RU 
105 |a y j 000zy 
200 1 |a Пять кейсов для бизнес-тренера  |e методический материал для бизнес-тренера  |f Т. Д. Зинкевич-Евстигнеева 
210 |a СПб.  |c Речь  |d 2006 
215 |a 208 с. 
330 |a Книга состоит из пяти кейсов, посвященных разным темам. На основе каждого из кейсов можно провести тематический тренинг; можно использовать все кейсы в длительном тренинговом курсе, посвященном формированию системных управленческих навыков. Все задания объединяет общая метафора: участники курса погружаются в атмосферу легендарного Камелота, становятся кандидатами в Рыцари Круглого Стола. Для каждого из кейсов разработаны папка участника и тест для оценки знаний, полученных в ходе тренинга. 
610 1 |a психология 
610 1 |a экономика 
610 1 |a бизнес 
610 1 |a психологические тренинги 
610 1 |a управление 
610 1 |a технологии 
610 1 |a конфликты 
610 1 |a ситуационный анализ 
610 1 |a задачи 
610 1 |a примеры 
610 1 |a деловое общение 
610 1 |a деловые коммуникации 
610 1 |a деловой этикет 
610 1 |a бизнес-игры 
610 1 |a деловые игры 
610 1 |a кейсы 
610 1 |a методические материалы 
610 1 |a бизнес-тренеры 
686 |a Ю949.3  |v LBC/SL-A  |2 rubbk 
686 |a У9(2)212  |v LBC/SL-A  |2 rubbk 
700 1 |a Зинкевич-Евстигнеева  |b Т. Д.  |g Татьяна Дмитриевна 
801 1 |a RU  |b 63413507  |c 20070420  |g PSBO 
801 2 |a RU  |b 63413507  |c 20120423  |g PSBO 
942 |c BK